Prince Ito
Đã lưu trong:
| Príomhúdar: | |
|---|---|
| Formáid: | Leabhar |
| Teanga: | Undetermined |
| Foilsithe: |
Washington, D.C.
University Publications of America
1979
|
| Ábhair: | |
| Clibeanna: |
Cuir Clib Leis
Gan Chlibeanna, Bí ar an gcéad duine leis an taifead seo a chlibeáil!
|
| Thư viện lưu trữ: | Trung tâm Học liệu Trường Đại học Cần Thơ |
|---|
| LEADER | 00604nam a2200217Ia 4500 | ||
|---|---|---|---|
| 001 | CTU_112176 | ||
| 008 | 210402s9999 xx 000 0 und d | ||
| 082 | |a 923.252 | ||
| 082 | |b H198/1979 | ||
| 100 | |a Hamada, Kengi | ||
| 245 | 0 | |a Prince Ito | |
| 245 | 0 | |c Kengi Hamada | |
| 260 | |a Washington, D.C. | ||
| 260 | |b University Publications of America | ||
| 260 | |c 1979 | ||
| 650 | |a Itō, Hirobumi, 1841-1909,Japan,Statesmen | ||
| 650 | |x Politics and government,Biography | ||
| 650 | |y 1868-1912 | ||
| 650 | |z Japan | ||
| 904 | |i Minh | ||
| 980 | |a Trung tâm Học liệu Trường Đại học Cần Thơ | ||